00527nam a22001577a 4500003000400000005001700004008004100021020001500062050002700077100002300104245007900127260004100206300004500247500005400292700002300346OSt20150525103628.0130207t xxu||||| |||| 00| 0 eng d a9716857481 aLB 3058.P6b.N322 2012 aNavarro, Rosita L. aAssessment of learning :boutcomes /cRosita L. Navarro, Rosita G. Santos. aQuezon City : bLorimar Pub. c2012. avi, 109 pages :billustrations ;c26 cm. aIncludes bibliographical references and appendix. aSantos, Rosita G.